Jean-Pierre Sueur, Charles Péguy ou les vertiges de l’écriture, Paris, Édition du Cerf, 2021, 256 p. (notice n° 1602936)
[ vue normale ]
| 000 -LEADER | |
|---|---|
| fixed length control field | 00572cam a2200145 4500500 |
| 005 - DATE AND TIME OF LATEST TRANSACTION | |
| control field | 20251228090952.0 |
| 041 ## - LANGUAGE CODE | |
| Language code of text/sound track or separate title | fre |
| 042 ## - AUTHENTICATION CODE | |
| Authentication code | dc |
| 100 10 - MAIN ENTRY--PERSONAL NAME | |
| Personal name | Courtemanche, Hadrien |
| Relator term | author |
| 245 00 - TITLE STATEMENT | |
| Title | Jean-Pierre Sueur, Charles Péguy ou les vertiges de l’écriture, Paris, Édition du Cerf, 2021, 256 p. |
| 260 ## - PUBLICATION, DISTRIBUTION, ETC. | |
| Date of publication, distribution, etc. | 2021.<br/> |
| 500 ## - GENERAL NOTE | |
| General note | 84 |
| 786 0# - DATA SOURCE ENTRY | |
| Note | Bulletin de l’Amitié Charles Péguy | 175 | 3 | 2021-05-04 | p. 249-259 | 0180-8567 |
| 856 41 - ELECTRONIC LOCATION AND ACCESS | |
| Uniform Resource Identifier | <a href="https://shs.cairn.info/revue-bulletin-de-lamitie-charles-peguy-2021-3-page-249?lang=fr&redirect-ssocas=7080">https://shs.cairn.info/revue-bulletin-de-lamitie-charles-peguy-2021-3-page-249?lang=fr&redirect-ssocas=7080</a> |
Pas d'exemplaire disponible.




Réseaux sociaux